000 00504nam a2200193Ia 4500
005 20250508162129.0
008 008 250505s9999 xx 000 0 eng d
037 _aTextual
040 _aFEDL
_beng
_cFEDL
041 _aeng
_2eng
084 _a954, RAW
_qFEDL
100 _aRawlinson H G
245 0 _aIndia
260 _aLondon, UK
_bAdam and Charles Black
_c1955
300 _avi,90p
490 _aLands and peoples series
942 _cTEXL
_h954, RAW
999 _c1374561
_d1374561